Laboratorní technika organické chemie

Gespeichert in:
Bibliographische Detailangaben
1. Verfasser: Keil, Bořivoj, 1921-
Format: Buch
Sprache:Nichtbestimmte Sprache
Veröffentlicht: Praha NČAV 1963
Online-Zugang:Im OPAC anzeigen
Tags: Tag hinzufügen
Keine Tags, Fügen Sie das erste Tag hinzu!

MARC

LEADER 00000nam a2200000 a 4500
005 20260127133937.0
008 990902s1963 xx 0 und c
035 |a vtls001371321 
035 |a SNK000325128 
039 9 |a 201201110830  |b mschk03  |y 200412281640  |z VLOAD 
040 |a SNK  |b slo  |c SNK  |d STUSCHK1  |e AACR2 
100 1 |a Keil, Bořivoj,  |d 1921-  |9 511 
245 1 |a Laboratorní technika organické chemie 
260 |a Praha  |b NČAV  |c 1963 
300 |a 946 s. 
910 |a SCHK95 
999 |c 563  |d 563